000 00341nam a22001457a 4500
008 210312b ||||| |||| 00| 0 eng d
020 _a0916730131
041 _aeng
080 _a610.73
082 _a610.73
100 _a2
101 _aINF
245 _aNursing Critically ill Patients Confidently
_cNursingSkillbook
942 _2udc
_cBK
999 _c56565
_d56565